Women's experience of power within marriage - an inexplicable phenomenon

Saved in:  
Bibliographic Details
Main Author: Oconnor, P. (Author)
Format: Print Article
Language:English
Published: 1991
In: The sociological review
Year: 1991, Volume: 39, Issue: 4, Pages: 823-842
Check availability: HBZ Gateway
Keywords:

MARC

LEADER 00000caa a22000002c 4500
001 1640049770
003 DE-627
005 20220608130938.0
007 tu
008 160223s1991 xx ||||| 00| ||eng c
035 |a (DE-627)1640049770 
035 |a (DE-576)456039341 
035 |a (DE-599)BSZ456039341 
040 |a DE-627  |b ger  |c DE-627  |e rakwb 
041 |a eng 
100 1 |a Oconnor, P.  |4 aut 
245 1 0 |a Women's experience of power within marriage - an inexplicable phenomenon  |c P. Oconnor 
264 1 |c 1991 
336 |a Text  |b txt  |2 rdacontent 
337 |a ohne Hilfsmittel zu benutzen  |b n  |2 rdamedia 
338 |a Band  |b nc  |2 rdacarrier 
773 0 8 |i In  |t The sociological review  |d London : Sage Publications Ltd, 1908  |g 39(1991), 4, Seite 823-842  |w (DE-627)129509612  |w (DE-600)209926-3  |w (DE-576)014916339  |x 0038-0261  |7 nnas 
773 1 8 |g volume:39  |g year:1991  |g number:4  |g pages:823-842 
935 |a mkri 
951 |a AR 
ELC |b 1 
LOK |0 000 xxxxxcx a22 zn 4500 
LOK |0 001 330131631X 
LOK |0 003 DE-627 
LOK |0 004 1640049770 
LOK |0 005 20160223101042 
LOK |0 008 160208||||||||||||||||ger||||||| 
LOK |0 040   |a DE-21-110  |c DE-627  |d DE-21-110 
LOK |0 689   |a s  |a Gewalt in Ehe und Familie 
LOK |0 852   |z Kein Bestand am IfK; Nachweis für KrimDok 
LOK |0 852   |a DE-21-110 
LOK |0 852 1  |m v  |9 00 
LOK |0 935   |a k110 
LOK |0 938   |k v 
LOK |0 939   |a 08-02-16  |b l01 
ORI |a SA-MARC-krimdoka001.raw